| 000 | 01011nam a22003017a 4500 | ||
|---|---|---|---|
| 001 | 9086 | ||
| 003 | FISKH | ||
| 005 | 20251119113956.0 | ||
| 008 | 251119b cb ||||| |||| 00| 0 eng d | ||
| 020 | _a9780439793261 | ||
| 040 |
_aFISKH _beng _cFISKH _dFISKH |
||
| 050 | _aTK140.E3 N37 | ||
| 082 | _a621.3092 | ||
| 100 | _aNemes, Clarire | ||
| 245 |
_aYoung Thomas Edison : _bGreat inventor / _cby Claire Nemes : illustrated by John Himmelman |
||
| 250 | _aFirst Scholastic printing, September 2005 | ||
| 260 |
_aNew York : _bScholastic , _c1996. |
||
| 300 |
_a31 pages : _bcolor illustrations ; _c23 cm . |
||
| 490 | _aFirst-Start Biography | ||
| 505 | _aL | ||
| 520 | _aA simple biography of the famous American who created more than 1,000 inventions and became known as "The Wizard of Menlo Park." | ||
| 521 | 8 |
_a530
_bLexile |
|
| 521 | 8 |
_aL
_bRaz-Plus |
|
| 650 |
_aExpository _vNon-fiction |
||
| 650 |
_aFamous people _vNon-fiction |
||
| 942 |
_2ddc _cBK _n0 |
||
| 999 |
_c9086 _d9086 |
||